000 00691nam a22002177a 4500
003 OSt
005 20250704035438.0
008 250704b |||||||| |||| 00| 0 eng d
020 _a978-621-478-123-2
040 _aDWCL - Main Lib
_cOC
082 _aFil. 519.5 R696b 2025
100 _aRodriguez, Manuel E.
245 _aBasic statistics with probability
_cManuel E. Rodriguez
250 _aSecond edition
260 _aManila, Philippines:
_bEDRIC Publishing House,
_cc2025.
300 _a162 pages:
_billustrations;
_c21cm.
504 _aIncludes bibliographical references.
650 _a1. Statistics
650 _a2. Probabilities
942 _2ddc
_cBK - FIL
_eSecond edition
_kFil.
_n0
999 _c3381
_d3381